|
|
|
|
| LEADER |
00698nab a2200157 i 4500 |
| 001 |
misc4383 |
| 005 |
20191106143040.0 |
| 008 |
170607s1926 hu o 0|| hun d |
| 040 |
|
|
|a SZTE Miscellanea Repozitórium
|b hun
|
| 041 |
|
|
|a hun
|
| 245 |
0 |
2 |
|a A föld tulajdonosa vagy haszonélvezője által folytatott és az őstermelés keretén belül maradó kertészetből származó jövedelem nem esik általános kereseti adó alá
|h [elektronikus dokumentum]
|
| 260 |
|
|
|c 1926
|
| 300 |
|
|
|a 35-36b
|
| 490 |
0 |
|
|a Polgári jog : a hazai és külföldi magánjog és hiteljog szemléje
|v 2
|
| 695 |
|
|
|a Adózás jogi eset
|
| 856 |
4 |
0 |
|u http://misc.bibl.u-szeged.hu/4383/1/polgari_jog_1926_035-036b.pdf
|z Dokumentum-elérés
|